| 000 | 00623nam a2200193Ia 4500 | ||
|---|---|---|---|
| 003 | GCL | ||
| 008 | 140319s9999 xx 000 0 ara d | ||
| 040 |
_aGCL / _cGCL |
||
| 082 | 0 | 4 |
_aق _b812.962 _bف ا |
| 100 | 1 | _aفاروق عبدالقادر | |
| 245 | 1 | 0 |
_aازدهار وسقوط المسرح المصرى / _cفاروق عبدالقادر |
| 490 |
_aكراسات الفكر المعاصر _v0 |
||
| 650 | 0 | 4 | _aالادب العربى |
| 650 | 0 | 4 | _aالعصر الحديث |
| 650 | 0 | 4 | _aالمسرح المصرى |
| 650 | 0 | 4 | _aتاريخ ونقد |
| 650 | 0 | 4 | _aالمسرحيات العربية |
| 942 |
_2ddc _cBK |
||
| 999 |
_c41040 _d41040 |
||